000
00258nam a2200097Ia 4500
008
191206s9999 xx 000 0 und d
020
_a
70333467
090
_a
HD31K33
245
0
_a
ORGANIZATION AND MANAGEMENT ;A SYSTEMS AND CONTIGENCY APPROACH
260
_c
c1979
999
_c
16607
_d
16607